Concise Statistical Yearbook of Greece 1996, 1997

Saved in:
Bibliographic Details
Format: Book
Language:English
Published: Athens National Statistical Service of Greece 1998
Subjects:
Tags: Add Tag
No Tags, Be the first to tag this record!

MARC

LEADER 00000nam a2200000 4500
001 c103088
005 20251103115826.7
022 |a 0069-8245 
041 0 |a eng 
044 |a GR 
245 1 0 |a Concise Statistical Yearbook of Greece 1996, 1997 
264 1 |a Athens  |b National Statistical Service of Greece  |c 1998 
300 |a 278 s. 
610 2 0 |a Grécko